00825nam a22002417a 450000500170000001000130001702000220003003500130005203700160006504000120008108200150009310000250010824500780013326000490021127000450026030000230030550000520032865000130038065000250039394200240041899900190044295201220046120170124110232.0 aA-493557 c00.00a8171003613 aA-493557 bCen Lib/Ret aDPLbEN a347.7bSUR aSurendra Nath941590 aShareholders' right and protection under company law /cby Surendra Nath  aNew DelhibDeep and deep publications c1997 bNew DelhiaF-159, Rajouri gardene110027 axv,484p.c22cm(Hb) aIncludes bibliograpahical references and index  aLaw9104 aHuman rights 941591 2ddccENh347.7mSUR c134723d134723 00104070aLbLd2015-07-31eCen Lib/Retg0.00l0o347.7 SURpA-493557r2015-07-31 00:00:00t1v0.00w2015-07-31yEN